|
|
|
|
| LEADER |
00683nam a22001577a 4500 |
| 003 |
OSt |
| 008 |
090624t xxu||||| |||| 00| 0 eng d |
| 080 |
|
|
|a 340.12
|b BOD
|
| 100 |
|
|
|a Bodenheimer,Edgar
|9 4396
|
| 245 |
|
|
|a Jurisprudence
|b Part I:Historical introduction to the philosophy of law, Part II:The nature and functions of the law, Part II:The sources and technoques of the law, Part III: The Sources and techniques of the law
|
| 260 |
|
|
|a Delhi
|b Universal book traders
|c 1997
|
| 300 |
|
|
|a 463p.
|
| 653 |
|
|
|a Jurisprudence
|
| 942 |
|
|
|c BK
|6 _
|
| 999 |
|
|
|c 188587
|d 188587
|
| 952 |
|
|
|0 0
|1 0
|4 0
|6 34012_BOD
|7 0
|9 243393
|a SLS
|b SLS
|d 2009-06-24
|l 23
|o 340.12 BOD
|p SLS019544
|r 2019-11-29
|s 2019-11-11
|w 2009-06-24
|y BK
|